Statystyki dla Profesjonalne kluby piłkarskie z Londynu

Kliknij tutaj aby rozwiązać quiz!

Ogólne statystyki

  • Ten quiz został rozwiązany 148 razy
  • Średni wynik to 6 z 12

Statystyki odpowiedzi

Kluby% Poprawnych
Arsenal
97%
Chelsea
97%
Spurs/ Tottenham
91%
West Ham
75%
Crystal Palace
62%
Fulham
54%
Millwall
29%
QPR
24%
Wimbledon
23%
Brentford
22%
Charlton
21%
Leyton Orient
14%

Rozkład punktacji

Percentyl według liczby udzielonych odpowiedzi

Procent ludzi z każdym wynikiem

Twoja historia wyników

Nie rozwiązałeś tego quizu